Oekonomische Hefte oder sammlung von nachrichten, Erfahrungen und Beobachtungen fủr den Stadt- und Landwirth Sieben und zwanzigster Band

Bibliographic Details
Corporate Author: Hempel, Christian Adolph (Lipsko, Nemecko) (Printer)
Other Authors: Hempel, Christian Adolph, 18.-19. storočie (Printer)
Format: Book
Language:German
PhysicalDescription:575 strán, 1 nečíslovaná strana 2 ilustrované listy 8° 18 × 11 cm
Published: Leipzig bei Christian Adolph Hempel 1806
Subjects:

MARC

LEADER 00000nam a2200000 4500
001 vtls012262157
003 SK-MaSNL
005 20260301152126.0
008 251112s1806 gw f f 000 0 ger
015 |a SNBHFA 
040 |a SNKHF  |b slo  |c SNK  |e rda 
041 0 |a ger 
044 |a gw  |c DE 
072 7 |a 63  |x Poľnohospodárstvo a príbuzné oblasti vedy a techniky  |2 konspekt 
080 |a 631  |2 2011 
080 |a 636.09  |2 2011 
080 |a 33  |2 2011 
130 0 |a Ökonomische  |9 313592 
245 1 0 |a Oekonomische Hefte oder sammlung von nachrichten, Erfahrungen und Beobachtungen fủr den Stadt- und Landwirth  |n Sieben und zwanzigster Band 
246 3 8 |a Sammlung von Erfahrungen u. Beobachtungen. 
264 1 |a Leipzig  |b bei Christian Adolph Hempel  |c 1806 
300 |a 575 strán, 1 nečíslovaná strana  |b 2 ilustrované listy  |c 8°  |c 18 × 11 cm 
336 |a text  |b txt  |2 rdacontent 
337 |a bez média  |b n  |2 rdamedia 
338 |a zväzok  |b nc  |2 rdacarrier 
500 |a Linky, medirytinové ilustrované listy 
504 |a Poznámky pod čiarou, kustody 
546 |a Nemčina  |b Fraktúra 
561 |a Proveniencia: Pečiatka Dr. E. Kadarász-vernot Poz Margity Zayovej.  |5 SNK ID 103503/27 
563 |a Väzba: sivo-žlto-ružová marmorovo-vzorovaná papierová lepenka na kartóne s koženým nárožím a chrbtom so zlatou ornamentálnou slepotlačou a textom.  |5 SNK ID 103503/27 
650 0 7 |a poľnohospodárstvo  |2 SNKPH  |9 679 
650 0 7 |a ekonómia  |2 SNKPH  |9 788 
650 0 7 |a farmári  |2 SNKPH  |9 29004 
700 1 |a Zaiová, Margita,  |d 1868-1937  |4 fmo  |9 186369 
700 1 |a Hempel, Christian Adolph,  |d 18.-19. storočie  |4 prt  |9 372604 
710 0 |a Hempel, Christian Adolph (Lipsko, Nemecko)  |4 prt  |9 372605 
752 |a Nemecko  |d Lipsko 
852 |a Slovenská národná knižnica  |b Zaiova knižnica: Zay 7960 (Z 9396)  |p ID 103503/27 
958 |a DF 
958 |a ONDV 
999 |c 788452  |d 790382 
952 |t Zay 7960 (Z 9396)  |a SNK  |b SNK  |c SNK_HF  |y PREZ  |7 0  |p 17A1487644  |o snkID 103503/27  |i snk2024/12873  |8 5  |0 0  |1 0  |4 0  |d 2024-08-14  |l 0  |r 2026-02-24 01:27:34  |w 2026-02-24